MARC

LEADER 00000nam0a2200000 4500
001 142233
005 20231031142659.0
035 |a (RuTPU)RU\TPU\book\154140 
090 |a 142233 
100 |a 20080903d1960 km y0rusy50 ca 
101 0 |a rus 
102 |a RU 
105 |a a z 001zy 
200 1 |a Электромагнитные муфты  |f Т. М. Воробьёва 
210 |a Москва  |a Ленинград  |c Госэнергоиздат  |d 1960 
215 |a 207 с.  |c ил. 
225 1 |a Библиотека по автоматике  |h Вып. 18 
320 |a Библиогр.: с. 206-207. 
610 1 |a электромагнитные муфты 
610 1 |a действие 
610 1 |a проектирование 
610 1 |a схемы 
610 1 |a исследование 
610 1 |a сравнение 
610 1 |a использование 
675 |a 621.824  |v 3 
675 |a 621.318  |v 3 
700 1 |a Воробьёва  |b Т. М.  |g Тамара Михайловна 
801 1 |a RU  |b 63413507  |c 20080903  |g PSBO 
801 2 |a RU  |b 63413507  |c 20151201  |g PSBO 
942 |c BK